[Event "27th Keres Memorial 2018"]
[Site "Tallinn"]
[Date "2018.01.13"]
[Round "2"]
[White "Potkin, Vladimir"]
[Black "Schults, Olev"]
[Result "1-0"]
[WhiteElo "2650"]
[BlackElo "2153"]
[Annotator "TA"]
[PlyCount "57"]
[EventDate "2018.??.??"]
[EventType "swiss"]
[EventCountry "EST"]
[SourceTitle "playchess.com"]
[Source "ChessBase"]
[SourceQuality "1"]

{[%evp 14,57,47,19,45,18,36,41,37,33,44,23,28,20,24,37,28,34,37,15,28,33,61,77,51,66,147,146,143,168,154,151,157,156,159,143,210,220,181,198,252,225,231,223,518,505]} 1. c4 c5 2. Nf3 Nc6 3. Nc3 Nf6 4. e3 g6 5. d4 d6 6. Be2 Bg7 7. O-O O-O 8. h3 {LiveBook: 14 Games. E61: King's Indian: Early deviations for White, including Smyslov System} (8. d5 Na5 9. h3 e6 10. e4 Re8 11. Bd3 a6 12. Bg5 h6 13. Be3 exd5 14. exd5 Rb8 15. Qd2 Kh7 16. Rfe1 Bd7 {1-0 (37) Dominguez Perez,L (2732)-Fressinet,L (2700) Huaian 2016}) 8... a6 9. Re1 Rb8 10. d5 {White is slightly better.} Na5 11. e4 Nd7 $146 ({Find the theoretical novelty and annotate with similar games:} 11... e6 12. Bf4 e5 13. Bg5 h6 14. Bh4 Bd7 15. a3 g5 16. Bg3 Nh5 {½-½ (41) Shyam,S (2512)-Satyapragyan,S (2445) Bhubaneswar 2016}) 12. Qc2 Ne5 $1 13. Nxe5 Bxe5 14. Bh6 Re8 15. Rad1 $36 {[%mdl 2048] White fights for an advantage.} Bd7 16. f4 Bh8 17. Bd3 e5 18. dxe6 Bxe6 19. Bg5 f6 {[#]} ({Black should try} 19... Bd4+ $14 20. Kh2 f6) 20. Bh4 $1 $16 {And now e5 would win.} Nc6 21. e5 {aiming for Bxg6!} Nd4 {[#]} 22. Qf2 $1 dxe5 23. fxe5 {[%cal Bf4e5,Be5f6,Bf6f7][%mdl 32]} g5 24. exf6 gxh4 (24... Qxf6 $16 25. Qxf6 Bxf6) 25. Qxh4 $18 Nf3+ 26. gxf3 Qd4+ (26... Qxf6 $142 27. Qxh7+ Kf8) 27. Qxd4 cxd4 28. Ne4 Bf5 $2 {[#]} (28... Bf7 29. Re2 Rbd8) 29. f7+ $1 {Precision: White = 75%, Black = 44%.} 1-0

[Event "27th Keres Memorial 2018"]
[Site "Tallinn"]
[Date "2018.01.13"]
[Round "2"]
[White "Turov, Maxim"]
[Black "Haavamäe, Henrik"]
[Result "1-0"]
[WhiteElo "2640"]
[BlackElo "2133"]
[Annotator "TA"]
[PlyCount "58"]
[EventDate "2018.??.??"]
[EventType "swiss"]
[EventCountry "EST"]
[SourceTitle "playchess.com"]
[Source "ChessBase"]
[SourceQuality "1"]

{[%evp 12,58,21,27,287,265,388,388,388,397,398,380,459,462,504,503,508,508,501,498,475,471,469,468,469,470,466,471,462,470,456,457,529,524,553,551,645,638,647,639,647,564,690,683,856,846,820,496,822]} 1. Nf3 Nf6 2. g3 d5 3. Bg2 c5 4. O-O Nc6 5. d4 e6 6. c4 dxc4 7. Ne5 {LiveBook: 530 Games} Nxd4 $2 {[%mdl 8192] [#] E04: Open Catalan: 5 Nf3} (7... Bd7 $11) (7... Bd7 8. Na3 cxd4 9. Naxc4 Be7 10. Bf4 Nd5 11. Nxd7 Nxf4 12. Bxc6 bxc6 13. Nde5 Ng6 14. Nxc6 Qd5 15. N4a5 Bf6 16. Qb3 Qxb3 17. Nxb3 d3 18. exd3 Bxb2 {½-½ (110) Yu,Y (2751)-Harikrishna,P (2744) Huaian 2017}) 8. e3 $18 ({Stronger than} 8. Nxc4 Be7 $11) 8... Nf5 (8... Be7 $142 9. exd4 cxd4) 9. Qxd8+ Kxd8 {White is winning.} 10. Nxf7+ Ke8 11. Nxh8 Bd6 12. Na3 {White is clearly winning.} Ke7 $146 ({Predecessor:} 12... Rb8 13. Nxc4 Bc7 14. f4 Nd7 15. Ne5 Nxe5 16. fxe5 Bxe5 17. e4 Nd6 18. Be3 b6 19. Rad1 Ba6 20. Bf4 Bxf4 21. Rxf4 e5 22. Rh4 {1-0 (22) Lopez Rojas,J (2173)-Loehnhardt,B (2009) Vellmar 2017}) 13. Nxc4 Bc7 14. e4 {[%cal Be3e4,Be4e5][%mdl 32]} Nd4 15. e5 Nd5 16. Bg5+ Kf8 17. Nd6 Bxd6 18. exd6 Kg8 19. Rae1 Bd7 20. Nf7 Kxf7 21. Bxd5 exd5 22. Re7+ Kg6 23. Rxd7 Nf3+ 24. Kg2 Nxg5 25. Re1 Ne4 26. Rxb7 Rd8 27. d7 a5 28. f3 Nf6 29. Re5 Ra8 (29... Kf7 $142 30. b3 Rxd7) 1-0

[Event "27th Keres Memorial 2018"]
[Site "Tallinn"]
[Date "2018.01.13"]
[Round "2"]
[White "Neiksans, Arturs"]
[Black "Rönka, Erik"]
[Result "1-0"]
[WhiteElo "2590"]
[BlackElo "2120"]
[Annotator "TA"]
[PlyCount "47"]
[EventDate "2018.??.??"]
[EventType "swiss"]
[EventCountry "EST"]
[SourceTitle "playchess.com"]
[Source "ChessBase"]
[SourceQuality "1"]

{[%evp 14,47,0,-1,0,0,30,27,28,20,12,8,37,14,117,117,117,117,117,117,117,117,117,117,114,120,141,139,290,292,795,795,795,795,787,781]} 1. e4 c6 2. d3 d5 3. Nd2 e5 4. Ngf3 Bd6 5. d4 exd4 6. exd5 cxd5 7. Bb5+ {B10: Caro-Kann: 2 d3 and 2 c4} (7. Nb3 Nf6 8. Bb5+ Nc6 9. Qe2+ Ne4 10. Nfxd4 O-O 11. Nxc6 bxc6 12. Bxc6 Rb8 13. O-O Bxh2+ 14. Kxh2 Qd6+ {0-1 (49) Jobava,B (2702)-Vidit,S (2689) Doha 2016}) 7... Nc6 8. Nxd4 {LiveBook: 16 Games} Bd7 9. N2f3 {The position is equal.} Nge7 10. O-O O-O 11. Re1 $146 ({Predecessor:} 11. c3 Bg4 12. Be2 h6 13. h3 Bh5 14. Be3 Qd7 15. Qd2 Bg6 16. Bf4 Rfd8 17. Rad1 Be4 18. Nb5 Bxf4 19. Qxf4 Ng6 20. Qg3 {1-0 (99) Drljevic,L (2140)-Rogac,S (2385) Novi Sad 2015}) 11... Qc7 12. h3 Rad8 13. Bd3 Ng6 (13... Nxd4 $11 14. Nxd4 Ng6) 14. Nb5 $16 Qb8 15. Bxg6 hxg6 {[#]} 16. Bg5 $1 Be7 17. Bxe7 Nxe7 18. Rxe7 Bxb5 19. Qd4 $36 {[%mdl 2048] Hoping for Ng5. White is in control.} f6 20. Nh4 {[%cal Bf3h4,Bh4g6,Bg6e7][%mdl 32]} Rf7 $2 {[#]} (20... Be8 $16 {was called for.} 21. Qd3 g5) 21. Nxg6 $18 Qd6 $2 (21... Rxe7 22. Nxe7+ Kf8) 22. Rae1 {White is clearly winning.} Rxe7 23. Nxe7+ Kf7 24. Nf5 {Precision: White = 83%, Black = 22%.} 1-0

[Event "27th Keres Memorial 2018"]
[Site "Tallinn"]
[Date "2018.01.13"]
[Round "2"]
[White "Berzina, Ilze"]
[Black "Alekseev, Evgeny"]
[Result "0-1"]
[WhiteElo "2207"]
[BlackElo "2697"]
[Annotator "TA"]
[PlyCount "68"]
[EventDate "2018.??.??"]
[EventType "swiss"]
[EventCountry "EST"]
[SourceTitle "playchess.com"]
[Source "ChessBase"]
[SourceQuality "1"]

{[%evp 9,68,8,0,2,1,6,6,-56,-54,-43,-36,-54,-48,-37,40,-125,-111,-126,-97,-128,-109,-173,-155,-170,-168,-185,-183,-383,-348,-365,-356,-349,-349,-338,-316,-293,-310,-358,-355,-360,-345,-358,-356,-347,-343,-475,-480,-414,-338,-381,-407,-495,-479,-468,-460,-605,-509,-687,-506,-697,-536]} 1. e4 c5 2. Nf3 e6 3. g3 Nc6 4. Bg2 Nf6 5. Qe2 (5. d3 d5 6. Nbd2 Be7 7. O-O O-O 8. Re1 b5 9. e5 Nd7 10. Nf1 Bb7 11. h4 Qc7 12. Bf4 Rfc8 13. Ne3 Qd8 14. Ng4 Bf8 15. Bg5 Qe8 16. c3 h6 17. Bf4 a5 18. Qd2 b4 19. c4 Ne7 20. h5 {1-0 (59) Kuzubov,Y (2699)-Grischuk,A (2772) Riadh 2017}) 5... e5 6. O-O {B40: Sicilian: 2...e6, Unusual lines} Be7 7. c3 O-O 8. d4 (8. d3 $11) 8... cxd4 $15 9. cxd4 exd4 10. e5 Ne8 $1 11. Rd1 d6 (11... Qb6 $15) 12. exd6 $146 {[#]} (12. Nxd4 $14 {stays ahead.} Nxe5 13. h3) ({Predecessor:} 12. Nxd4 Nxd4 13. Rxd4 {½-½ (39) Plenca,J (2410)-Tomazini,A (2365) Split 2016}) 12... Bf6 $17 (12... Qxd6 $6 13. Bf4 $11) (12... Bxd6 13. Nxd4 Nxd4 14. Rxd4 $14) 13. Bf4 Nxd6 14. Na3 Re8 15. Qd3 (15. Qf1 $17) 15... Bf5 $36 {[%mdl 2048] White is under strong pressure.} 16. Qb3 Be6 17. Qa4 a6 18. Nc2 $2 (18. Ne1) 18... b5 19. Qa3 Nc4 20. Qc5 Rc8 ({Much less strong is} 20... Nxb2 21. Nfxd4 Nxd4 22. Rxd4) 21. Ng5 Bd7 ({But not} 21... Nxb2 22. Bxc6 Nxd1 23. Rxd1 $19) 22. Qd5 N6e5 23. Nxd4 Bxg5 24. Bxg5 Qxg5 25. f4 Qd8 {[#] And now ...Ne3 would win.} 26. fxe5 Ne3 ({Not} 26... Nxb2 27. Rf1 $17) (26... Nxe5 27. Re1 $17) (26... Rxe5 $2 27. Qb7 $17) 27. Qe4 Nxd1 28. Rxd1 Qc7 29. Nf3 Bc6 30. Qf5 g6 {Black is clearly winning.} 31. Qf4 Bxf3 32. Qxf3 Qxe5 33. Kh1 Re7 34. h3 h5 {Precision: White = 34%, Black = 75%.} 0-1

[Event "27th Keres Memorial 2018"]
[Site "Tallinn"]
[Date "2018.01.13"]
[Round "2"]
[White "Narva, Jaan"]
[Black "Meier, Georg"]
[Result "0-1"]
[WhiteElo "2190"]
[BlackElo "2660"]
[Annotator "TA"]
[PlyCount "81"]
[EventDate "2018.??.??"]
[EventType "swiss"]
[EventCountry "EST"]
[SourceTitle "playchess.com"]
[Source "ChessBase"]
[SourceQuality "1"]

{[%evp 29,81,-37,-6,-46,-59,-58,-56,-82,-61,-72,-58,-56,-49,-40,-43,-144,-85,-156,-159,-159,-91,-142,-128,-165,-177,-268,-167,-285,-284,-316,-302,-267,-231,-434,-423,-383,-365,-406,-397,-474,-472,-458,-430,-510,-535,-648,-629,-1535,-1512,-1075,-640,-661,-655,-632]} 1. Nf3 d5 2. c4 e6 3. d4 Nf6 4. Nc3 dxc4 5. e3 a6 6. Bxc4 b5 7. Bb3 Bb7 8. O-O c5 9. Qe2 Nbd7 10. Rd1 Qc7 11. d5 c4 12. dxe6 fxe6 13. Bc2 {D29: Queen's Gambit Accepted: Classical main line: 7 Qe2 with early ...Nbd7} Bd6 (13... Bc5 14. Nd4 Qb6 15. a4 e5 16. Nf5 O-O 17. axb5 axb5 18. Rxa8 Bxa8 19. e4 g6 20. Ne3 Bd4 {½-½ (56) Sopur,L (2398)-Maksimenko,A (2481) Zgierz 2017}) 14. e4 O-O 15. h3 Rae8 {LiveBook: 3 Games} 16. Bg5 Ne5 {...Nxf3+ is the strong threat.} 17. Nxe5 $146 ({Predecessor:} 17. Nd4 Bc5 18. Bf4 Nfd7 19. Be3 Rf7 20. Rd2 Bf8 {1-0 (36) Holemar,D (2321)-Kozak,M (2197) Brno 2008}) 17... Bxe5 18. Rac1 h6 19. Be3 Bxc3 20. bxc3 Bxe4 21. Bxe4 Nxe4 {[#]} 22. Bd4 {[#]} (22. a4 $1 $15 {[%mdl 512]}) 22... Qc6 (22... e5 $142 $1 {[%cal Re5d4]} 23. Be3 Re6) 23. Re1 (23. f3 $142 Nf6 24. Qe5) 23... e5 $36 {[%mdl 2048] Black has strong initiative.} 24. Be3 Nf6 (24... Re6 $142 25. f3 Ng3) 25. Rcd1 (25. a4 $142) 25... Rd8 26. Rxd8 Rxd8 27. Bc1 (27. f4 {is a better defense.}) 27... Qd5 28. Kf1 (28. Qb2 $142) 28... Qd3 $19 29. Qxd3 Rxd3 ({Weaker is} 29... cxd3 30. Bd2 $17) 30. Rxe5 Rxc3 {[%mdl 4096] Endgame KRB-KRN} 31. Re1 $2 (31. Bb2 {keeps fighting.} Rd3 32. Rc5) 31... Rc2 32. a3 Ra2 33. Rd1 Kf7 34. Ke1 a5 {[%cal Ba6a5,Ba5b4,Bb4b3][%mdl 32] Black is clearly winning.} 35. Rd6 Ra1 36. Kd1 b4 37. axb4 axb4 38. Rc6 b3 {And now ...b2 would win.} 39. Rb6 Ra2 40. Rb4 Rxf2 41. Rxc4 {Precision: White = 31%, Black = 67%.} 0-1

[Event "27th Keres Memorial 2018"]
[Site "Tallinn"]
[Date "2018.01.13"]
[Round "2"]
[White "Sotsky, Alexander"]
[Black "Kovalev, Vladislav"]
[Result "0-1"]
[WhiteElo "2134"]
[BlackElo "2642"]
[Annotator "TA"]
[PlyCount "30"]
[EventDate "2018.??.??"]
[EventType "swiss"]
[EventCountry "EST"]
[SourceTitle "playchess.com"]
[Source "ChessBase"]
[SourceQuality "1"]

{[%evp 9,30,-19,0,-49,-45,-60,-52,-59,-60,-100,-52,-247,-187,-379,-395,-419,-426,-449,-378,-460,-450,-433,-422]} 1. d4 Nf6 2. Bg5 c5 3. Nc3 Qb6 (3... cxd4 4. Qxd4 Nc6 5. Qh4 e6 6. O-O-O Be7 7. e4 a6 8. Nf3 Qc7 9. Bd3 d6 10. Rhe1 Bd7 11. e5 dxe5 12. Ne4 Nd5 13. Bxe7 Ncxe7 14. Ng3 f6 15. Nh5 {0-1 (41) Rapport,R (2702)-Adhiban,B (2653) Wijk aan Zee 2017}) 4. Bxf6 gxf6 5. e3 e6 6. Nf3 {A45: Damenbauernspiele (Trompowski-Angriff)} Qxb2 7. Nb5 {[#] zielt auf Tb1 ab.} Qb4+ $1 8. c3 $146 {Schwarz steht etwas besser.} ({Vorgänger:} 8. Qd2 Qxd2+ 9. Nxd2 Na6 10. Ne4 f5 11. Ned6+ Bxd6 12. Nxd6+ {½-½ (23) Reykowski,H-Weisbrod,P Reil 2000}) 8... Qa5 {Weiss muss nun ...a6 beachten.} 9. Nd2 d5 {...c4 ist eine echte Drohung.} 10. Qf3 $2 ({Lieber} 10. dxc5 $15 Nd7 11. Nb3) 10... c4 11. e4 $2 {[#]} (11. Qxf6 {ist eine bessere Verteidigung.} Rg8 12. Bxc4) 11... Qxb5 $19 12. Qxf6 Rg8 13. exd5 Qxd5 14. Bxc4 Qxg2 15. O-O-O Qg6 0-1

[Event "27th Keres Memorial 2018"]
[Site "Tallinn"]
[Date "2018.01.13"]
[Round "2"]
[White "Pedoson, Georg Aleksander"]
[Black "Chigaev, Maksim"]
[Result "0-1"]
[WhiteElo "2133"]
[BlackElo "2639"]
[Annotator "TA"]
[PlyCount "78"]
[EventDate "2018.??.??"]
[EventType "swiss"]
[EventCountry "EST"]
[SourceTitle "playchess.com"]
[Source "ChessBase"]
[SourceQuality "1"]

{[%evp 19,78,34,32,31,36,35,39,43,73,72,95,45,52,-29,-51,-188,-147,-169,-168,-159,-173,-165,-160,-241,-233,-211,-134,-133,-90,-139,-131,-141,-125,-126,-137,-145,-145,-120,-85,-162,-109,-113,-109,-394,-131,-225,-214,-220,-182,-209,-186,-225,-183,-303,-296,-359,-303,-402,-412,-508,-481]} 1. d4 Nf6 2. Nf3 g6 3. c4 Bg7 4. Nc3 O-O 5. e4 d6 6. h3 e5 7. d5 Nh5 8. g3 {E90: King's Indian: Classical: Early deviations and 6 h3} Na6 9. Bg2 Nc5 10. b4 Nd7 {LiveBook: 3 Games} 11. Rb1 a5 12. a3 {[%cal Ba2a3,Ba3b4][%mdl 32]} axb4 13. axb4 {[#]} h6 $146 ({Predecessor:} 13... f5 14. Ng5 Ndf6 15. exf5 gxf5 {0-1 (78) Poliakov,A (2182)-Kovalev,V (2636) Sochi 2017}) 14. O-O f5 15. Nh4 Nf4 $1 16. Bxf4 (16. Qc2 $1 $14) 16... exf4 $11 17. Ne2 ({White should play} 17. Nxg6 $15 Bxc3 18. Nxf8 Qxf8 19. Qc2) 17... Ne5 18. gxf4 Qxh4 ({Much less strong is} 18... Nxc4 19. Nxg6 Rf6 20. Rc1 $15) 19. fxe5 Bxe5 ({Worse is} 19... fxe4 20. e6 $11) 20. f4 Bg7 21. exf5 (21. Nd4 $17 {was called for.}) 21... Bxf5 $19 22. Rb3 Ra1 23. Qd2 Rfa8 {[#] Hoping for ...R8a2.} 24. Rxa1 Rxa1+ 25. Kh2 Qe1 $36 {[%mdl 2048] Keeping White busy.} 26. Qxe1 Rxe1 27. Ng3 Bc2 28. Ra3 Bd4 29. h4 (29. Bf3 $17) 29... h5 (29... Bg1+ $19 30. Kh3 Be3) 30. Ra8+ $17 Kg7 {...Bg1+ is the strong threat.} 31. Rc8 $2 {[%mdl 8192]} (31. Bf3 $17) 31... Re7 $2 (31... Bg1+ $19 {is more deadly.} 32. Kh1 Be3+ 33. Kh2 Bxf4 34. Rxc7+ Kf6) 32. Bh3 {[#]} (32. Bf3 $17) 32... Be3 $1 $19 33. Be6 Bxf4 34. Kg2 Kf6 35. Ne2 Bh6 36. Kf3 (36. Nd4 {might work better.} Be4+ 37. Kg3) 36... Ke5 37. Nc3 Bd3 38. Nb5 c6 39. dxc6 bxc6 {Precision: White = 26%, Black = 56%.} ({Weaker is} 39... Kxe6 40. c7 $17) 0-1

[Event "27th Keres Memorial 2018"]
[Site "Tallinn"]
[Date "2018.01.13"]
[Round "2"]
[White "Lumiste, Rene"]
[Black "Olkhovskiy, Alexander"]
[Result "0-1"]
[WhiteElo "2118"]
[BlackElo "2115"]
[Annotator "ChessBase"]
[PlyCount "74"]
[EventDate "2018.??.??"]
[EventType "swiss"]
[EventCountry "EST"]
[SourceTitle "playchess.com"]
[Source "ChessBase"]
[SourceQuality "1"]
[TimeControl "900+5"]

1. Nf3 {[%emt 0:00:00]} d5 {[%emt 0:00:29]} 2. g3 {[%emt 0:00:00]} g6 {[%emt 0:00:11]} 3. Bg2 {[%emt 0:00:03]} Bg7 {[%emt 0:00:02]} 4. O-O {[%emt 0:00:03]} e5 {[%emt 0:00:04]} 5. d3 {[%emt 0:00:01]} Ne7 {[%emt 0:00:04]} 6. e4 {[%emt 0:00:09]} O-O {[%emt 0:00:06]} 7. Nc3 {[%emt 0:01:06]} c6 {[%emt 0:00:22]} 8. Qe2 {[%emt 0:00:11]} d4 {[%emt 0:00:01]} 9. Nb1 {[%emt 0:00:27]} h6 {[%emt 0:00:06]} 10. Ne1 {[%emt 0:00:24]} c5 {[%emt 0:00:42]} 11. f4 {[%emt 0:00:15]} Nbc6 {[%emt 0:00:01]} 12. Nd2 {[%emt 0:00:28]} Kh7 {[%emt 0:00:27]} 13. a4 {[%emt 0:00:24]} exf4 {[%emt 0:00:30]} 14. gxf4 {[%emt 0:00:21]} Nb4 {[%emt 0:00:01]} 15. Nc4 {[%emt 0:02:01]} f5 {[%emt 0:00:01]} 16. Bd2 {[%emt 0:00:44]} fxe4 {[%emt 0:00:31]} 17. dxe4 {[%emt 0:01:52]} Nxc2 {[%emt 0:00:02]} 18. Nxc2 {[%emt 0:00:23]} d3 {[%emt 0:00:01]} 19. Qd1 {[%emt 0:00:25]} dxc2 {[%emt 0:00:02]} 20. Qxc2 {[%emt 0:00:02]} Nc6 {[%emt 0:00:01]} 21. e5 {[%emt 0:00:54]} Bf5 {[%emt 0:01:14]} 22. Qc3 {[%emt 0:01:33]} Nd4 {[%emt 0:00:02]} 23. Rae1 {[%emt 0:00:08]} Nc2 {[%emt 0:01:41]} 24. Rc1 {[%emt 0:00:35]} Nb4 {[%emt 0:00:01]} 25. Qe3 {[%emt 0:01:02]} Nd3 {[%emt 0:00:16]} 26. Rc3 {[%emt 0:00:01]} Qd4 {[%emt 0:00:14]} 27. b3 {[%emt 0:01:54]} Rad8 {[%emt 0:00:22]} 28. Bxb7 {[%emt 0:01:07]} Be6 {[%emt 0:02:06]} 29. Qxd4 {[%emt 0:00:10]} Rxd4 {[%emt 0:00:10]} 30. Be3 {[%emt 0:00:01]} Rdd8 {[%emt 0:01:03]} 31. Be4 {[%emt 0:00:02]} Bf5 {[%emt 0:00:01]} 32. Bxd3 {[%emt 0:00:30]} Rxd3 {[%emt 0:00:39]} 33. Rxd3 {[%emt 0:00:02]} Bxd3 {[%emt 0:00:01]} 34. Rc1 {[%emt 0:00:19]} a6 {[%emt 0:01:10]} 35. Rc3 {[%emt 0:00:10]} Be4 {[%emt 0:00:00]} 36. Nd6 {[%emt 0:00:02]} Bd5 {[%emt 0:00:01]} 37. Rxc5 Bxb3 0-1

[Event "27th Keres Memorial 2018"]
[Site "Tallinn"]
[Date "2018.01.13"]
[Round "3"]
[White "Alekseev, Evgeny"]
[Black "Petursson, Margeir"]
[Result "1-0"]
[WhiteElo "2697"]
[BlackElo "2387"]
[Annotator "TA"]
[PlyCount "55"]
[EventDate "2018.??.??"]
[EventType "swiss"]
[EventCountry "EST"]
[SourceTitle "playchess.com"]
[Source "ChessBase"]
[SourceQuality "1"]

{[%evp 19,55,15,36,25,18,24,66,53,74,49,96,72,101,85,84,90,87,73,94,91,104,64,89,92,95,37,50,12,462,452,449,462,447,444,801,807,804,802]} 1. e4 c5 2. Nf3 d6 3. d4 cxd4 4. Qxd4 a6 5. h3 Nc6 6. Qe3 {B53: Sicilian: 2...d6: Lines with Qxd4} g6 7. Be2 Nf6 8. O-O Bg7 9. c4 O-O 10. Nc3 Nd7 {LiveBook: 83 Games} (10... Be6 11. Bd2 Nd7 12. Rac1 Nde5 13. b3 Nxf3+ 14. Bxf3 {1-0 (66) Karjakin,S (2760)-Korobov,A (2652) Riadh 2017}) 11. b3 Qb6 {[#] Hoping for ...Qxe3.} 12. Qd2 $146 ({Predecessor:} 12. Qxb6 Nxb6 13. Bb2 Nd7 14. Rfe1 {0-1 (50) Bokros,N (1938)-Bartha,S (2161) Hungary 2009}) 12... Nd4 13. Bb2 Nxf3+ 14. Bxf3 Nf6 15. Rfe1 Bd7 16. Rad1 Bc6 17. Nd5 Bxd5 18. exd5 Qc7 19. Bd4 Rfe8 20. Qb2 Rec8 21. Re3 b5 22. c5 (22. Qe2 $16) 22... dxc5 $14 23. Be5 (23. d6 $5 Qxd6 24. Bc3 $16) 23... Qd8 $2 {[%mdl 8192] [#]} (23... Ne8 $11) 24. d6 $18 {White is clearly winning.} Ra7 {and if ...Rd7 works, Black does fine.} 25. dxe7 Qxe7 26. Bc3 b4 (26... Qf8 $142 27. Bxf6 h6) 27. Rxe7 bxc3 28. Qe2 {Precision: White = 60%, Black = 37%.} ({Weaker is} 28. Rxa7 cxb2 29. Rxa6 Ne8 $16) 1-0

[Event "27th Keres Memorial 2018"]
[Site "Tallinn"]
[Date "2018.01.13"]
[Round "3"]
[White "Meier, Georg"]
[Black "Shlykov, Vitali"]
[Result "1-0"]
[WhiteElo "2660"]
[BlackElo "2289"]
[Annotator "TA"]
[PlyCount "69"]
[EventDate "2018.??.??"]
[EventType "swiss"]
[EventCountry "EST"]
[SourceTitle "playchess.com"]
[Source "ChessBase"]
[SourceQuality "1"]

{[%evp 17,69,49,62,46,70,35,49,41,64,56,53,48,99,104,123,123,116,123,116,116,125,116,121,126,177,187,210,207,199,200,201,200,191,125,189,125,119,102,104,98,115,104,262,263,303,293,261,237,388,360,1427,1389,1420,1379]} 1. Nf3 Nf6 2. g3 g6 3. Bg2 Bg7 4. O-O O-O 5. d4 d6 6. b3 Nbd7 7. Bb2 e5 8. dxe5 Ng4 9. Qd2 Ngxe5 10. c4 {A49: 1 d4 Nf6 2 Nf3 g6 3 g3: Anti-King's Indian systems} Re8 11. Nc3 Nc5 (11... Nxf3+ 12. Bxf3 Nc5 13. Rfe1 a5 14. Rad1 Be6 15. Nb5 Bxb2 16. Qxb2 Bd7 17. Nc3 Qf6 18. Qd2 Bc6 19. Bxc6 bxc6 20. e4 Rab8 21. Rb1 Rb4 22. Re3 Reb8 23. Rbe1 a4 24. e5 Qd8 25. Nb5 Na6 26. exd6 cxb5 27. d7 {1-0 (27) Mamedyarov,S (2799)-Haddouche,M (2505) Riadh 2017}) 12. Rad1 {White is slightly better.} Bg4 $146 ({Predecessor:} 12... Nxf3+ 13. Bxf3 a5 14. Nd5 Be6 15. Bxg7 Kxg7 16. Qd4+ f6 17. Nc3 Bd7 18. Rfe1 {1-0 (35) Burmakin,V (2568)-Kanmazalp,O (2416) Cappelle-la-Grande 2014}) 13. h3 {aiming for Nxe5.} Nxf3+ 14. exf3 Bf5 ({Black should play} 14... Be6 $14) 15. Nd5 $16 c6 16. Bxg7 Kxg7 17. Qd4+ f6 18. Ne3 Be6 19. f4 {[%cal Bf3f4,Bf4f5][%mdl 32]} Qd7 20. g4 {f5 is the strong threat.} Rad8 (20... a5 $16 {keeps fighting.} 21. Bf3 (21. Qxd6 Qxd6 22. Rxd6 Rad8 $16) 21... Kg8) 21. b4 $18 Na6 22. a3 (22. Qxa7 Nxb4 23. f5 gxf5 $14) 22... d5 23. cxd5 {And now g5 would win.} Nc7 {[%cal Rc6d5]} 24. f5 (24. Qxa7 $6 Nxd5 25. Rfe1 Ra8 $16) 24... Bxd5 25. Qxa7 (25. g5 $1 $18) 25... Ra8 {[#]} (25... Qc8 $16) 26. Qc5 ({But not} 26. Qxb7 $2 Reb8 $19) (26. Qb6 $1 $18) 26... Qe7 $16 27. Bxd5 Nxd5 28. Nxd5 cxd5 29. Rxd5 Rxa3 $2 {[#]} (29... Qxc5 $16 30. bxc5 (30. Rxc5 gxf5 31. Rxf5 Rxa3 $16) 30... Re7 31. fxg6 Kxg6) 30. Qd4 $1 $18 Kg8 31. Rd7 Qe5 32. Qxe5 Rxe5 $2 (32... fxe5 33. fxg6 (33. Rxb7 gxf5 34. Kg2 fxg4 $16) 33... Rxh3 34. Rxb7 hxg6) 33. Rc1 {Threatening mate with Rc8+.} Kf8 $2 (33... Ra8 34. fxg6 h5) 34. Rxh7 Kg8 35. fxg6 {Precision: White = 75%, Black = 28%.} 1-0